[Event "AUTO-INT-3361"]
[Site "http://www.queenalice.com/game.php?id=1555172"]
[Date "2019.1.3"]
[Round "2"]
[White "altair"]
[Black "MaxM"]
[Result "1-0"]
[WhiteElo "1788"]
[BlackElo "1518"]

1. e4 e5 2. Nf3 Nc6 3. a3 Nf6 4. d3 d5 5. h3 d4 6. Be2 a5 7. Nbd2 Be6 8. b3 a4
9. Nc4 axb3 10. cxb3 Be7 11. Ncxe5 O-O 12. Bb2 b5 13. Nxc6 Qd7 14. Nxe7+ Qxe7
15. Nxd4 Bd7 16. a4 Qb4+ 17. Qd2 Qxd2+ 18. Kxd2 bxa4 19. Rhc1 h6 20. Rxc7 axb3
21. Rxa8 Rxa8 22. Nxb3 Ra2 23. Kc1 Ra8 24. Bxf6 gxf6 25. Rxd7 Rc8+ 26. Kd2 Kg7
27. Nd4 Ra8 28. Nf5+ Kg6 29. Nh4+ Kg5 30. Nf3+ Kg6 31. g4 Ra2+ 32. Ke3 Ra5 33.
Bd1 Ra1 34. Bc2 Rh1 35. h4 1-0

[Event "AUTO-INT-3361"]
[Site "http://www.queenalice.com/game.php?id=1555173"]
[Date "2019.1.3"]
[Round "2"]
[White "MaxM"]
[Black "altair"]
[Result "0-1"]
[WhiteElo "1592"]
[BlackElo "1856"]

1. e4 e5 2. Nc3 Nf6 3. Nf3 d6 4. d3 h6 5. Be2 a6 6. O-O Be7 7. Nd5 O-O 8. a4 c6
9. Nxf6+ Bxf6 10. c4 Nd7 11. b3 Nc5 12. Be3 b6 13. Bd2 b5 14. cxb5 axb5 15. Qe1
Nxb3 16. Ra2 Be6 17. a5 c5 18. a6 Qb6 19. Ba5 Qxa6 20. Ra3 Nxa5 21. Rxa5 Qxa5
22. Qd1 c4 23. dxc4 bxc4 24. Qxd6 Rad8 25. Qd2 Rxd2 0-1

[Event "AUTO-INT-3378"]
[Site "http://www.queenalice.com/game.php?id=1555898"]
[Date "2019.1.9"]
[Round "2"]
[White "vangogh"]
[Black "MaxM"]
[Result "1-0"]
[WhiteElo "1572"]
[BlackElo "1621"]

1. e4 e5 2. d4 d6 3. d5 Nf6 4. f3 a5 5. Nc3 a4 6. Bg5 a3 7. b4 Be7 8. h4 Nh5 9.
f4 exf4 10. Qxh5 g6 11. Qh6 Na6 12. Rb1 c6 13. Qg7 Rf8 14. Qxh7 Bxg5 15. hxg5
Qxg5 16. Nf3 Qg3+ 17. Kd1 c5 18. b5 Nb4 19. Ne2 Qf2 20. Qh4 Qxh4 21. Rxh4 Nxa2
22. Rxf4 c4 23. c3 Rh8 24. Ra1 Rh1 25. Ke1 Ra5 26. Nfd4 Nxc3 27. Nxc3 g5 28. Rf6
g4 29. Rxd6 Ra7 30. Ra2 b6 31. Rxb6 f6 32. Rxf6 Rg7 33. Rxa3 Ke7 34. e5 g3 35.
Ra7+ Bd7 36. b6 Rg4 37. Nc6+ Ke8 38. Ra8+ Bc8 39. Rxc8+ Kd7 40. b7 Rhh4 41. b8=Q
Re4+ 42. Nxe4 Rxe4+ 43. Be2 c3 44. Qc7# 1-0

[Event "AUTO-INT-3378"]
[Site "http://www.queenalice.com/game.php?id=1555899"]
[Date "2019.1.9"]
[Round "2"]
[White "MaxM"]
[Black "vangogh"]
[Result "1/2-1/2"]
[WhiteElo "1596"]
[BlackElo "1507"]

1. e4 e5 2. Nc3 Nf6 3. Nf3 Nc6 4. Bc4 h6 5. Nd5 d6 6. O-O a6 7. d3 Bg4 8. h3
Bxf3 9. Qxf3 Nd4 10. Qd1 b5 11. Bb3 Qd7 12. Be3 O-O-O 13. a4 Nxb3 14. cxb3 Qe6
15. Qc1 Nxd5 16. exd5 Qxd5 17. Qc3 e4 18. axb5 Qxd3 19. bxa6 Qxc3 20. bxc3 Kd7
21. a7 Be7 22. Rfb1 Ra8 23. b4 Bf6 24. b5 Bxc3 25. Ra2 Kc8 26. b6 Kb7 27. f3 f5
28. Rb3 Be1 29. Kf1 Bh4 30. Rc3 c5 31. Bxc5 dxc5 32. Rxc5 Kxb6 33. Rxf5 e3 34.
Rf7 g5 35. Re7 Rhc8 36. Rxe3 Rc1+ 37. Ke2 Rg1 38. Rb2+ Kc7 39. Rc2+ Kd6 40. Rd2+
Kc5 41. Kd3 Rxa7 42. Rc2+ Kd5 43. Re8 Ra3+ 44. Rc3 Rxc3+ 45. Kxc3 Rxg2 46. Rh8
Rg3 47. Rxh6 Rxf3+ 48. Kd2 Rxh3 49. Rh8 g4 50. Rg8 g3 51. Ke2 Rh2+ 52. Kf3 Rf2+
53. Ke3 Rh2 54. Kf3 g2 55. Rxg2 Rh3+ 56. Kg4 Rh1 57. Rd2+ Ke4 58. Re2+ Kd3 59.
Re8 Bf2 60. Rd8+ Ke4 61. Re8+ Kd5 62. Rd8+ 1/2-1/2

[Event "AUTO-OPEN-4019"]
[Site "http://www.queenalice.com/game.php?id=1557282"]
[Date "2019.1.19"]
[Round "1"]
[White "Donidon"]
[Black "MaxM"]
[Result "1-0"]
[WhiteElo "2406"]
[BlackElo "1587"]

1. e4 e5 2. Nf3 Nc6 3. d4 f6 4. dxe5 fxe5 5. Bc4 Nf6 6. Ng5 d6 7. Nf7 Qe7 8.
Nxh8 a6 9. Nf7 Nxe4 10. Qh5 g6 11. Qxh7 Nd4 12. O-O Nxc2 13. Qxg6 Nxa1 14. Nxd6+
Kd8 15. Nxe4 Qg7 16. Bg5+ Kd7 17. Qe6# 1-0

[Event "AUTO-OPEN-4019"]
[Site "http://www.queenalice.com/game.php?id=1557283"]
[Date "2019.1.19"]
[Round "1"]
[White "MaxM"]
[Black "Donidon"]
[Result "0-1"]
[WhiteElo "1563"]
[BlackElo "2439"]

1. e4 e5 2. Nf3 Nf6 3. Nc3 Nc6 4. d4 exd4 5. Nxd4 d6 6. Bd3 Nxd4 7. O-O Be7 8.
f4 O-O 9. f5 Bd7 10. a4 a6 11. Qe1 Nc6 12. a5 Ne5 13. Bf4 Re8 14. Nd5 Nxd5 15.
exd5 Nxd3 0-1

[Event "AUTO-OPEN-4019"]
[Site "http://www.queenalice.com/game.php?id=1557304"]
[Date "2019.1.19"]
[Round "1"]
[White "Capixaba789"]
[Black "MaxM"]
[Result "1-0"]
[WhiteElo "1808"]
[BlackElo "1577"]

1. e4 e5 2. Nf3 d6 3. Bc4 Nf6 4. d4 Nc6 5. d5 Ne7 6. Qe2 Bd7 7. Nc3 a6 8. a3 b5
9. Ba2 c6 10. Bg5 h6 11. Bxf6 gxf6 12. Nh4 h5 13. Nf3 Bg4 14. h3 Bd7 15. dxc6
Bxc6 16. Nd5 Qa5+ 17. c3 f5 18. b4 Qxa3 19. O-O Nxd5 20. Bxd5 Qxc3 21. Rfc1 1-0

[Event "AUTO-OPEN-4019"]
[Site "http://www.queenalice.com/game.php?id=1557305"]
[Date "2019.1.19"]
[Round "1"]
[White "MaxM"]
[Black "Capixaba789"]
[Result "0-1"]
[WhiteElo "1570"]
[BlackElo "1792"]

1. e4 e5 2. Nf3 d6 3. Nc3 Nc6 4. Be2 Nf6 5. O-O Be7 6. a4 Be6 7. Ng5 Bd7 8. Bb5
a6 9. b3 axb5 10. Bb2 bxa4 11. bxa4 Nd4 12. Nd5 Nxd5 13. Qh5 Bxg5 14. Bxd4 exd4
15. g3 Nb6 16. d3 Bf6 17. f4 Nxa4 18. g4 Nc3 0-1

[Event "AUTO-OPEN-4019"]
[Site "http://www.queenalice.com/game.php?id=1557316"]
[Date "2019.1.19"]
[Round "1"]
[White "Tonto"]
[Black "MaxM"]
[Result "1-0"]
[WhiteElo "2010"]
[BlackElo "1578"]

1. e4 e5 2. Nf3 Nc6 3. a3 d6 4. h3 Nf6 5. Nc3 Be7 6. Be2 O-O 7. d4 d5 8. Be3
dxe4 9. Ng5 a5 10. Ngxe4 Nxe4 11. Nxe4 b6 12. Bb5 Bb7 13. c3 Bh4 14. dxe5 Nxe5
15. Qxd8 Raxd8 16. O-O Bxe4 17. Bf4 Rd5 18. c4 Nxc4 19. Bxc4 Rc5 20. Rac1 b5 21.
Be2 Rxc1 22. Rxc1 g5 23. Bxc7 f5 24. Bxb5 Rc8 25. Bc4+ Kg7 26. Be5+ Kg6 27. Bf7+
Kxf7 28. Rxc8 g4 29. hxg4 fxg4 30. g3 Bg5 31. Rc5 h5 32. Rxa5 Bd2 33. Bc3 Bxc3
34. bxc3 Bf3 35. Rxh5 Kg6 36. Re5 Kf6 37. Re3 Kf5 38. a4 1-0

[Event "AUTO-OPEN-4019"]
[Site "http://www.queenalice.com/game.php?id=1557317"]
[Date "2019.1.19"]
[Round "1"]
[White "MaxM"]
[Black "Tonto"]
[Result "0-1"]
[WhiteElo "1576"]
[BlackElo "2030"]

1. e4 e5 2. Nf3 d6 3. Nc3 a6 4. a4 Bd7 5. Be2 h6 6. O-O Nc6 7. d4 Be7 8. d5 Na7
9. b4 Nf6 10. b5 c6 11. h3 cxb5 12. axb5 Nxb5 13. Nxb5 axb5 14. Rxa8 Qxa8 15. c4
bxc4 16. Nh4 Nxe4 17. Nf3 Ba4 18. Qe1 b5 19. h4 Qxd5 20. Qa5 O-O 21. Qc7 Bd8 22.
Qd7 Bb6 23. h5 Ng3 24. Re1 Nxe2+ 25. Rxe2 Bd1 26. Rd2 Qc5 27. Qxd6 Bxf3 28. gxf3
Qxd6 29. Rxd6 Bd8 30. Rd5 Re8 31. Rxb5 e4 32. Rb8 exf3 33. Kh2 Bc7+ 34. Kg1 Bxb8
35. Kf1 Ba7 36. Bb2 Re2 37. Bc3 Rxf2+ 38. Ke1 Rh2 39. Be5 Rxh5 40. Bc3 Be3 41.
Kd1 Rh1+ 42. Kc2 f2 0-1

[Event "AUTO-ADV-4123"]
[Site "http://www.queenalice.com/game.php?id=1557330"]
[Date "2019.1.19"]
[Round "1"]
[White "MAY2019"]
[Black "MaxM"]
[Result "0-1"]
[WhiteElo "1595"]
[BlackElo "1500"]

1. e4 e5 2. Nf3 Nc6 3. Bc4 Nf6 4. Ng5 Be7 5. Nxf7 Rf8 6. Nxd8 Kxd8 7. Nc3 d6 8.
O-O h5 9. d3 Bg4 10. f3 Bd7 11. Nd5 a5 12. Nxe7 Nxe7 13. a3 b5 14. Bb3 a4 15.
Ba2 d5 16. Bg5 Nc6 17. Bxd5 Ra7 0-1

[Event "AUTO-ADV-4123"]
[Site "http://www.queenalice.com/game.php?id=1557331"]
[Date "2019.1.19"]
[Round "1"]
[White "MaxM"]
[Black "MAY2019"]
[Result "1-0"]
[WhiteElo "1520"]
[BlackElo "1575"]

1. e4 e5 2. Nc3 Nc6 3. Nf3 Nf6 4. d3 Bb4 5. Bd2 d6 6. Be2 O-O 7. O-O Bg4 8. h3
Bh5 9. Ng5 Bxe2 10. Qxe2 Nd4 11. Qd1 h6 12. Nf3 Nxf3+ 13. Qxf3 Qe7 14. Rfd1 c6
15. Ne2 Bxd2 16. Rxd2 Nh7 17. Qg3 1-0

[Event "AUTO-ADV-4123"]
[Site "http://www.queenalice.com/game.php?id=1557346"]
[Date "2019.1.19"]
[Round "1"]
[White "MaxM"]
[Black "akleetch"]
[Result "0-1"]
[WhiteElo "1529"]
[BlackElo "1781"]

1. e4 e5 2. Nf3 Nc6 3. Nc3 Nf6 4. d3 h6 5. Be2 Bb4 6. O-O Bxc3 7. bxc3 d5 8. c4
d4 9. a4 Bd7 10. Ba3 Be6 11. Rb1 b6 12. Qd2 Nd7 13. c3 Nc5 14. Bxc5 bxc5 0-1

[Event "AUTO-ADV-4123"]
[Site "http://www.queenalice.com/game.php?id=1557347"]
[Date "2019.1.19"]
[Round "1"]
[White "akleetch"]
[Black "MaxM"]
[Result "1-0"]
[WhiteElo "1787"]
[BlackElo "1523"]

1. e4 e5 2. Nc3 Nf6 3. a3 Nc6 4. Bb5 a6 5. Ba4 d6 6. h3 Be7 7. Nf3 O-O 8. Bxc6
bxc6 9. O-O c5 10. b4 a5 11. b5 Bd7 12. a4 c6 13. d3 Qb8 14. Rb1 1-0

[Event "AUTO-ADV-4123"]
[Site "http://www.queenalice.com/game.php?id=1557349"]
[Date "2019.1.19"]
[Round "1"]
[White "reynaldochess01"]
[Black "MaxM"]
[Result "0-1"]
[WhiteElo "1674"]
[BlackElo "1538"]

1. e4 e5 2. Nf3 d6 3. d4 Nf6 4. Nc3 Nc6 5. dxe5 dxe5 6. Qxd8+ Nxd8 7. Nxe5 Nc6
8. Nxc6 bxc6 9. Bc4 Bc5 10. Bg5 O-O 11. f3 Nh5 12. Bh4 a5 13. Bf2 Bxf2+ 14. Kxf2
a4 15. Rad1 Nf4 16. g3 Ng6 0-1

[Event "AUTO-INT-3404"]
[Site "http://www.queenalice.com/game.php?id=1557374"]
[Date "2019.1.19"]
[Round "1"]
[White "MaxM"]
[Black "renatomfelipe"]
[Result "0-1"]
[WhiteElo "1576"]
[BlackElo "1832"]

1. e4 e5 2. Nf3 d6 3. d3 Bg4 4. Nc3 Nf6 5. Be2 Nc6 6. O-O Be7 7. a4 Bxf3 8. Bxf3
Nd4 9. a5 Nxf3+ 10. Qxf3 a6 11. Nd5 c6 12. Nb6 Rb8 13. Be3 O-O 14. c3 d5 15.
Rfd1 d4 16. cxd4 exd4 17. Bg5 h6 18. Bxf6 Bxf6 19. Rab1 c5 20. Nd5 Be5 21. Nb6
Re8 22. Nd5 Qxa5 23. Qf5 Qd8 24. b4 b6 25. b5 a5 26. f4 g6 27. Qh3 Bg7 28. f5
Qg5 29. Nc7 Red8 30. Na6 Rb7 31. g3 Re8 32. Qh4 Qxh4 33. gxh4 Kh8 34. Rdc1 Be5
35. Nxc5 bxc5 36. Rxc5 Bf6 37. Ra1 Ra8 38. Kg2 Bxh4 39. Rd5 gxf5 40. Rxf5 Rg8+
41. Kh3 Bd8 42. Rd5 f6 43. Rxd4 Rxb5 44. Rd5 Rxd5 45. exd5 f5 46. Rf1 Rg5 47. d6
Kg8 48. d7 Kf8 49. Re1 Rg8 50. Re8+ Kf7 51. Re5 Kf6 52. Re8 Kf7 53. Re5 Rg7 54.
Re8 Rg8 55. Re5 Rf8 56. Rxf5+ Ke7 57. Rd5 Rf7 0-1

[Event "AUTO-INT-3404"]
[Site "http://www.queenalice.com/game.php?id=1557375"]
[Date "2019.1.19"]
[Round "1"]
[White "renatomfelipe"]
[Black "MaxM"]
[Result "1-0"]
[WhiteElo "1799"]
[BlackElo "1585"]

1. e4 e5 2. d4 d6 3. dxe5 dxe5 4. Qxd8+ Kxd8 5. Bc4 Bc5 6. Bxf7 Nf6 7. Bg5 h6 8.
Bxf6+ gxf6 9. Nc3 Rf8 10. Bh5 f5 11. O-O-O+ Bd7 12. f3 f4 13. Bg4 a5 14. Nge2
Be3+ 15. Kb1 a4 16. a3 Nc6 17. Rxd7+ Ke8 18. Rxc7 Rf7 19. Bh5 Nd8 20. Bxf7+ Kf8
21. Bd5 Nf7 22. Rxf7+ Ke8 23. Rxb7 Kd8 24. Rd1 Rc8 25. Be6+ Bd4 26. Bxc8 Kxc8
27. Rh7 Be3 28. Rdd7 h5 29. Rdg7 1-0

[Event "AUTO-INT-3404"]
[Site "http://www.queenalice.com/game.php?id=1557376"]
[Date "2019.1.19"]
[Round "1"]
[White "MaxM"]
[Black "mitsho"]
[Result "1-0"]
[WhiteElo "1568"]
[BlackElo "1639"]

1. e4 e5 2. Nc3 Nc6 3. d3 Nf6 4. Nf3 Bc5 5. Bg5 O-O 6. Be2 Be7 7. O-O Nd4 8.
Nxe5 Nxe2+ 9. Nxe2 d6 10. Nc4 b5 11. Na5 c5 12. Nc6 Qc7 13. Nxe7+ Qxe7 14. Nf4
Qe5 15. Qd2 Qxb2 16. a4 Bb7 17. Bxf6 Qxf6 18. Nd5 Qb2 19. Qe3 bxa4 20. Ne7+ Kh8
21. Qg3 Qxc2 22. Nf5 g6 23. Nxd6 Bc6 24. Rac1 Qxd3 25. Qxd3 1-0

[Event "AUTO-INT-3404"]
[Site "http://www.queenalice.com/game.php?id=1557377"]
[Date "2019.1.19"]
[Round "1"]
[White "mitsho"]
[Black "MaxM"]
[Result "1-0"]
[WhiteElo "1627"]
[BlackElo "1559"]

1. d4 d5 2. Nf3 Nf6 3. e3 Nc6 4. Bd3 e6 5. O-O Be7 6. Nc3 O-O 7. b3 Bd6 8. Nb5
Ne4 9. Nxd6 Qxd6 10. Bb2 a5 11. Ne5 Nxe5 12. dxe5 Qe7 13. f4 f6 14. exf6 gxf6
15. Qg4+ Kh8 16. Rf3 Nd2 17. Rh3 Rg8 18. Bxf6+ Qxf6 19. Rxh7# 1-0

[Event "AUTO-INT-3404"]
[Site "http://www.queenalice.com/game.php?id=1557378"]
[Date "2019.1.19"]
[Round "1"]
[White "MaxM"]
[Black "APSHOOTER"]
[Result "0-1"]
[WhiteElo "1561"]
[BlackElo "1791"]

1. e4 e5 2. Nf3 d6 3. Nc3 a6 4. d3 h6 5. Be2 Nf6 6. O-O Nc6 7. a4 Be6 8. d4 Bd7
9. d5 Ne7 10. b3 Ng6 11. b4 Be7 12. b5 a5 13. Be3 b6 14. Bc4 O-O 15. Qd2 Bg4 16.
Ne1 Nd7 17. f3 Bh5 0-1

[Event "AUTO-INT-3404"]
[Site "http://www.queenalice.com/game.php?id=1557379"]
[Date "2019.1.19"]
[Round "1"]
[White "APSHOOTER"]
[Black "MaxM"]
[Result "1-0"]
[WhiteElo "1798"]
[BlackElo "1554"]

1. e4 e5 2. Bc4 Nf6 3. d3 Nc6 4. a3 d6 5. h3 h6 6. Nc3 a5 7. Bb5 Bd7 8. Nf3 Be7
9. Be3 O-O 10. Qd2 Be6 11. Bxc6 bxc6 12. O-O-O d5 13. Nxe5 c5 14. Nc6 Qd7 15.
Nxe7+ Qxe7 16. exd5 Nxd5 17. Nxd5 Bxd5 18. f3 c4 19. dxc4 1-0

[Event "Challenge"]
[Site "http://www.queenalice.com/game.php?id=1563796"]
[Date "2019.3.10"]
[Round "-"]
[White "MaxM"]
[Black "pony"]
[Result "0-1"]
[WhiteElo "1572"]
[BlackElo "2350"]

1. e4 d5 2. d3 dxe4 3. dxe4 Qxd1+ 4. Kxd1 e5 5. Nf3 Bg4 6. Nc3 Nc6 7. Be3 O-O-O+
8. Bd3 f6 9. a4 Nd4 10. Kc1 Nxf3 11. a5 Nd4 12. Bxd4 exd4 13. Nb5 a6 14. Na3 Bd6
15. Nc4 Bf4+ 16. Nd2 Ne7 17. h3 Bh5 18. g4 Bf7 19. f3 Nc6 20. b3 Ne5 21. h4 Nxf3
22. Rf1 Bxd2+ 23. Kd1 Bc3 24. Ra2 Ne5 25. g5 Nxd3 26. cxd3 Bxb3+ 27. Ke2 Bxa2
28. gxf6 gxf6 29. Rxf6 Rdf8 30. Rh6 Rhg8 31. Kd1 Rf2 32. Rxh7 Rg1# 0-1

[Event "Challenge"]
[Site "http://www.queenalice.com/game.php?id=1563797"]
[Date "2019.3.10"]
[Round "-"]
[White "MaxM"]
[Black "DotJayPeg"]
[Result "1-0"]
[WhiteElo "1570"]
[BlackElo "1312"]

1. e4 e5 2. Nc3 d6 3. Nf3 Nf6 4. d3 Nc6 5. Be3 Nd4 6. Bxd4 exd4 7. Nxd4 Be7 8.
Be2 a6 9. O-O c6 10. a4 O-O 11. Qd2 c5 12. Nf3 Ng4 13. Nd5 a5 14. Nxe7+ Qxe7 15.
g3 Be6 16. Ng5 h6 17. Nxe6 Qxe6 18. h3 Ne5 19. c3 Qxh3 20. Qf4 Rae8 21. Qh4 Qxh4
22. gxh4 Ng6 23. f4 Nxh4 24. f5 Re5 25. f6 g6 26. d4 Rg5+ 27. Kh2 Rg2+ 28. Kh3
g5 29. Ra3 Rxe2 30. Rb3 Re3+ 31. Kg4 Ng2 32. Rxb7 Rxe4+ 33. Kf3 Rfe8 34. Kxg2
Rg4+ 35. Kh3 h5 36. dxc5 Re3+ 37. Kh2 Re2+ 38. Kh3 Rh4+ 39. Kg3 Re3+ 40. Kf2
Rhh3 41. cxd6 Rd3 42. d7 Rd2+ 43. Ke1 Rhd3 44. c4 Rd1+ 45. Ke2 R3d2+ 46. Ke3
Rd3+ 47. Ke4 Rxd7 48. Rb8+ Kh7 49. Rxd1 Rxd1 50. Rb7 Re1+ 51. Kf5 g4 52. Rxf7+
Kh6 53. Rf8 h4 54. Rh8# 1-0